[Event "Campeonato de Chile 2009"]
[Site "Estadio Español"]
[Date "2009-02-13"]
[Round "1"]
[White "Rios Escobar, Adan Humberto"]
[Black "Arancibia Guzman, Eduardo"]
[Result "1/2-1/2"]
[WhiteElo "2280"]
[BlackElo "2389"]

 1.e4 d5 2.exd5 Nf6 3.Nc3 Nxd5 4.Nf3 Nxc3 5.bxc3 g6 6.Bc4 Bg7 7.O-O O-O 8.d4 c5 9.Ba3 Nd7 10.Re1 Qa5 11.Bb2 Nb6 12.Bf1 Na4 13.Qc1 Nxb2 14.Qxb2 e6 15.Ne5 Rd8 16.g3 Qc7 17.Bg2 Rb8 18.Rab1 Bxe5 19.Rxe5 b6 20.Rxc5 Qd6 21.Re5 Bb7 22.Bxb7 Rxb7 23.a4 Rc7 24.a5 Rdc8 25.axb6 axb6 26.Re3 Rc6 27.Ra1 Qc7 28.Ra3 Qd6 29.Qa1 h5 30.h4 Rc4 31.Ra8 Qd5 32.Rxc8+ Rxc8 33.Qb2 Ra8 34.Re1 Ra2 35.Qb3 Qa5 36.Re5 Ra1+ 37.Kg2 Qa8+ 38.d5 Ra3 39.Qxb6 Rxc3 40.Kh2 exd5 41.Qd4 Rxc2 42.Rxd5 Rc8 43.g4 hxg4 44.h5 Qb8+ 45.Kg2 Qb7 46.Qe4 Qb3 47.Rd3 Qe6

[Event "Campeonato de Chile 2009"]
[Site "Estadio Español"]
[Date "2009-02-13"]
[Round "1"]
[White "Elias Valenzuela, Arturo"]
[Black "Farfán Ortiz, Enrique Alfredo"]
[Result "0-1"]
[WhiteElo "2112"]
[BlackElo "2242"]

 1.d4 d5 2.c4 c6 3.Nf3 Nf6 4.Nc3 e6 5.e3 Nbd7 6.Bd3 Bd6 7.O-O O-O 8.e4 dxc4 9.Bxc4 e5 10.Re1 Qc7 11.Bg5 exd4 12.Bxf6 Nxf6 13.Qxd4 Rd8 14.e5 Bf8 15.Qh4 Nd5 16.e6 fxe6 17.Ng5 h6 18.Nxe6 Bxe6 19.Rxe6 Bc5 20.Rae1 Kh8 21.Qh5 Rf8 22.Ne4 Bd4 23.Bxd5 cxd5 24.Qxd5 Rad8 25.Qh5 Qf4 26.Qe2 Qf7 27.Qc4 Bxf2+ 28.Nxf2 Qxf2+ 29.Kh1 Rd2

[Event "Campeonato de Chile 2009"]
[Site "Estadio Español"]
[Date "2009-02-13"]
[Round "1"]
[White "Cuevas Araya, Walter"]
[Black "Zapata Ferrada, Marco Eduardo"]
[Result "0-1"]
[WhiteElo "2182"]
[BlackElo "2375"]

 1.d4 Nf6 2.Bg5 Ne4 3.Bf4 c5 4.f3 Qa5+ 5.c3 Nf6 6.d5 Qb6 7.e4 Qxb2 8.Nd2 Qxc3 9.Bc7 Qe3+ 10.Ne2 d6 11.Nc4 Qh6 12.Ba5 g5 13.h4 gxh4 14.Bd2 Qg6 15.Rxh4 h5 16.Qb3 Bh6 17.Qb5+ Nbd7 18.O-O-O Bxd2+ 19.Rxd2 a6 20.Qb2 b5 21.Ne3 Rg8 22.Rh3 Ne5 23.Rg3 Qh6 24.Rxg8+ Nxg8 25.f4 Ng4 26.Nxg4 Bxg4 27.Qa3 Bxe2 28.Bxe2 Qxf4 29.Bxb5+ Kf8 30.Bd3 Nf6 31.Qc3 Rb8 32.a3 Kg8 33.Qc4 Rb6 34.Kc2 Ng4 35.Qa4 Ne3+ 36.Kc1 Qe5 37.Re2 Qa1+ 38.Kd2 Nf1+ 39.Kc2 Rb2+

[Event "Campeonato de Chile 2009"]
[Site "Estadio Español"]
[Date "2009-02-13"]
[Round "1"]
[White "Alarcon Bahamondes, Roberto"]
[Black "López Silva, Hugo Andres"]
[Result "0-1"]
[WhiteElo "2116"]
[BlackElo "2376"]

 1.e4 e5 2.Nf3 Nc6 3.d4 exd4 4.Nxd4 Bc5 5.Nf5 Qf6 6.Nc3 Nge7 7.Ne3 d6 8.g3 O-O 9.Bg2 Qg6 10.O-O Be6 11.Kh1 Rac8 12.f4 Bxe3 13.Bxe3 f5 14.Bf2 fxe4 15.Bxe4 Bf5 16.Re1 Kh8 17.a3 Ng8 18.Qd3 Nh6 19.Nd5 Ng4 20.Bg1 Bxe4+ 21.Qxe4 Qh5 22.Rad1 Rce8 23.Qg2 Rc8 24.Rd2 Rfe8 25.Rxe8+ Rxe8 26.Nxc7 Re1 27.Qd5 Qg6 28.f5 Qh5 29.Qxd6 Ne7 30.Qf4 h6 31.f6 Nxf6 32.Qf2 Qe5 33.Na8 Qe4+ 34.Qg2 Rxg1+ 35.Kxg1 Qe1+ 36.Qf1 Qxd2 37.Qc4 Nfd5 38.Qe4 Ne3 39.h4 Qe1+

[Event "Campeonato de Chile 2009"]
[Site "Estadio Español"]
[Date "2009-02-13"]
[Round "1"]
[White "Silva Sanchez, Carlos"]
[Black "García Cardenas, Pablo"]
[Result "0-1"]
[WhiteElo "2388"]
[BlackElo "2194"]

 1.e4 c6 2.Nc3 d5 3.Nf3 Bg4 4.h3 Bh5 5.d3 Nf6 6.g4 dxe4 7.Ng5 Bg6 8.Ngxe4 Nbd7 9.Bg2 h5  10.g5 Nxe4 11.Bxe4 Bxe4 12.Nxe4 g6 13.Qe2 Qc7 14.Bd2 Bg7 15.O-O-O O-O 16.f4 e6 17.Rhf1 a5 18.Qe1 b5 19.Bc3 b4 20.Bxg7 Kxg7 21.c4 c5 22.d4 cxd4 23.Rxd4 Rad8 24.Qe3 e5 25.fxe5 Nxe5 26.Nd6 Qc5 27.Qd2 Rxd6

[Event "Campeonato de Chile 2009"]
[Site "Estadio Español"]
[Date "2009-02-13"]
[Round "1"]
[White "Llorens Sepulveda, Marcelo"]
[Black "Mesias Rojas, Rabindranath"]
[Result "1/2-1/2"]
[WhiteElo "2353"]
[BlackElo "2269"]

 1.e4 c5 2.Nf3 Nf6 3.Nc3 d5 4.Bb5+ Bd7 5.Qe2 dxe4 6.Ne5 a6 7.Bc4 e6 8.Nxe4 Nxe4 9.Qxe4 Nc6 10.Nxd7 Qxd7 11.O-O Qd4 12.Re1 Qxe4 13.Rxe4 Rd8 14.c3 Be7 15.Bf1 O-O 16.d3 Rd7 17.f4 Rc8 18.Bd2 Bf6 19.Rae1 Ne7 20.Be3 g6 21.Bf2 b5 22.a4 Nd5 23.d4 c4 24.axb5 axb5 25.Ra1 Rb7 26.Ra5 Bd8 27.Ra1 b4 28.cxb4 Rxb4 29.Rc1 Nxf4 30.Rxf4 Bg5 31.g3 Bxf4 32.gxf4 Rxb2 33.Rxc4 Rxc4 34.Bxc4 Kg7 35.Kg2 h6 36.Kf3 Rb8 37.h4 h5

[Event "Campeonato de Chile 2009"]
[Site "Estadio Español"]
[Date "2009-02-14"]
[Round "2"]
[White "Arancibia Guzman, Eduardo"]
[Black "Mesias Rojas, Rabindranath"]
[Result "1-0"]
[WhiteElo "2389"]
[BlackElo "2269"]

 1.d4 c5 2.d5 f5 3.Nc3 Nf6 4.e4 fxe4 5.f3 exf3 6.Nxf3 Na6 7.Bc4 d6 8.Qe2 Bd7 9.Ng5 Qb6 10.O-O Rg8 11.Nxh7 O-O-O 12.Ng5 Nc7 13.a4 a6 14.a5 Qa7 15.h3 Re8 16.Bf4 g6 17.Be3 Bg7 18.Ra3 Nh5 19.Rf3 Rgf8 20.Bd3 Rxf3 21.Qxf3 Rf8 22.Nf7 Bf6 23.Bxg6 Ng7 24.Ne4 Nf5 25.Nxf6 exf6 26.Bxf5 Rxf7 27.Bxd7+ Kxd7 28.Qf5+ Kd8 29.b4 Nb5 30.Rd3 b6 31.axb6 Qxb6 32.Qe6 Qc7 33.bxc5 dxc5 34.d6 Qd7 35.Qd5 Nd4 36.Bxd4 cxd4 37.Rxd4 Rg7 38.Rh4 Qf7 39.Qa8+ Kd7 40.Qxa6 Rxg2+ 41.Kxg2 Qd5+ 42.Kg3 Qe5+ 43.Rf4 Qe3+ 44.Rf3 Qe1+ 45.Kf4 Qb4+ 46.Kf5 Qc5+ 47.Kg6 Qg5+ 48.Kf7 Qh5+ 49.Kxf6 Qxf3+ 50.Ke5 Qe3+ 51.Kd5 Qg5+ 52.Kc4 Qh4+ 53.Kb5 Qh5+ 54.Ka4 Qxh3 55.Qb6 Qg4+ 56.Ka5 Qc4 57.Qb5+ Qc6 58.Qxc6+ Kxc6 59.c4 Kxd6 60.Kb6 Kd7 61.c5

[Event "Campeonato de Chile 2009"]
[Site "Estadio Español"]
[Date "2009-02-14"]
[Round "2"]
[White "García Cardenas, Pablo"]
[Black "Llorens Sepulveda, Marcelo"]
[Result "1/2-1/2"]
[WhiteElo "2194"]
[BlackElo "2353"]

 1.c4 e5 2.Nc3 Nf6 3.Nf3 Nc6 4.g3 Bb4 5.Bg2 Bxc3 6.bxc3 O-O 7.d4 e4 8.Ng5 Re8 9.O-O h6 10.Nh3 Na5 11.c5 d6 12.Rb1 d5 13.f3 Nc4 14.Nf2 exf3 15.Bxf3 b6 16.Rb4 a5 17.Rb3 Bf5 18.g4 Bg6 19.g5 Ne4 20.cxb6 cxb6 21.gxh6 a4 22.Bxe4 Bxe4 23.Rb4 Qd6 24.Nxe4 Rxe4 25.Qd3 Qe6 26.Rf2 Re8 27.Rxa4 Rg4+ 28.Kf1 Nd6 29.Ra7 g6 30.h7+ Kxh7 31.Bf4 Ne4 32.Be5 Nxf2 33.Kxf2 Kg8 34.Qe3 Qf5+ 35.Ke1 Qb1+ 36.Kd2 Qb2+ 37.Ke1 Re4 38.Qf3 Qc1+ 39.Kf2 Rf8 40.Qh3 Rxe5 41.dxe5 Qf4+ 42.Kg2 Qxe5 43.Qf3 Qe6 44.Ra4 Re8 45.Kf2 Qd6 46.Rh4 Re6 47.Ke1 Qe7 48.Rd4 Re3 49.Qg4 Rxc3 50.Rxd5 Rc1+ 51.Kd2 Rc5 52.Qd4 Rxd5 53.Qxd5 Qb4+ 54.Kd3 Qb1+ 55.Kd2 Qg1 56.Qe5

[Event "Campeonato de Chile 2009"]
[Site "Estadio Español"]
[Date "2009-02-14"]
[Round "2"]
[White "López Silva, Hugo Andres"]
[Black "Silva Sanchez, Carlos"]
[Result "1/2-1/2"]
[WhiteElo "2376"]
[BlackElo "2388"]

 1.e4 c5 2.Nf3 e6 3.d4 cxd4 4.Nxd4 a6 5.Nc3 Qc7 6.g3 Bb4 7.Bd2 Nc6 8.Nxc6 bxc6 9.Bg2 Nf6 10.O-O Be7 11.Na4 O-O 12.c4 d6 13.Re1 Nd7 14.Bf4 e5 15.Be3 Nc5 16.Nxc5 dxc5 17.f4 f6 18.f5 Rd8 19.Qe2 Bd7 20.Qf2 Qb6 21.Bf3 Be8 22.Rab1 a5 23.b3 Rd4 24.Qc2 Rad8 25.Red1 Qb4 26.a4 Kf8 27.Kf2 Bf7 28.Be2 R8d7 29.Rb2 Ra7 30.Bd2 Qb8 31.Bc3 Qd6 32.Rbb1 Bd8 33.Qc1 Re7 34.Qe3 Bc7 35.Rd2 Qd8 36.Ke1 Qb8 37.Rbb2 Qe8 38.Kd1 Qb8 39.Kc2 Qe8 40.Rd1 Qb8 41.Rf1 Red7 42.Rbb1 Bd8 43.Rg1 Rb7 44.Rb2 Qd6 45.g4 h6 46.h4 Ra7 47.Rbb1 Rb7 48.Bd3 Ra7 49.Be2 Re7 50.Rg3 Rb7 51.Rb2 Rc7 52.Kb1 Rb7 53.Ka2 Ra7 54.Bd3 Be7 55.Be2 Qd8 56.Rg1 Rad7 57.Rg3 Ra7 58.Bd3 Rad7 59.Bc2 Ra7 60.Qe2 Qb6 61.Re3 Qd8

[Event "Campeonato de Chile 2009"]
[Site "Estadio Español"]
[Date "2009-02-14"]
[Round "2"]
[White "Zapata Ferrada, Marco Eduardo"]
[Black "Alarcon Bahamondes, Roberto"]
[Result "1/2-1/2"]
[WhiteElo "2375"]
[BlackElo "2116"]

 1.Nf3 Nf6 2.c4 e6 3.d4 b6 4.a3 Bb7 5.Nc3 d5 6.cxd5 Nxd5 7.Qc2 Nxc3 8.bxc3 Be7 9.e4 O-O 10.Bd3 c5 11.O-O Qc8 12.Qe2 Ba6 13.Ne5 Bxd3 14.Qxd3 Nc6 15.Nxc6 Qxc6 16.Be3 Rfd8 17.Rfd1 Qa4 18.f4 Rac8 19.Rac1 cxd4 20.cxd4 Qxa3 21.Qxa3 Bxa3 22.Rxc8 Rxc8 23.d5 exd5 24.Rxd5 Bc1 25.Kf2 Kf8 26.Bxc1 Rxc1 27.Rd7 a5 28.Ra7 Rc4 29.Ke3 a4 30.e5 b5 31.f5 Rc1 32.Kd4 Ke8 33.Kd5 Rc8 34.e6 fxe6+ 35.fxe6 Kf8 36.Rf7+ Kg8 37.Ra7 Rb8 38.Kd6 b4 39.Kc7 Re8 40.Kd7 Rb8 41.Kc7

[Event "Campeonato de Chile 2009"]
[Site "Estadio Español"]
[Date "2009-02-14"]
[Round "2"]
[White "Farfán Ortiz, Enrique Alfredo"]
[Black "Cuevas Araya, Walter"]
[Result "1-0"]
[WhiteElo "2242"]
[BlackElo "2182"]

 1.d4 Nf6 2.c4 e6 3.Nf3 b6 4.Qd3 Bb7 5.Nc3 d5 6.cxd5 Nxd5 7.Qc2 Be7 8.e4 Nxc3 9.bxc3 O-O 10.Bd3 Nd7 11.O-O c5 12.Qe2 Qc7 13.Bd2 Rfe8 14.Rfd1 a6 15.a4 Nf8 16.Rdb1 Ng6 17.Rb2 Reb8 18.g3 Ra7 19.h4 c4 20.Bxc4 Bxe4 21.Qxe4 Qxc4 22.h5 f5 23.Qe3 Nf8 24.Ne5 Qc8 25.Qf3 Rc7 26.Rab1 Bd8 27.d5 Rc5 28.Nc6 Rb7 29.Nxd8 Qxd8 30.dxe6 Rbc7 31.Qe2 Rd5 32.Bf4 Rb7 33.Re1 Qe7 34.Qxa6 Nxe6 35.Rbe2

[Event "Campeonato de Chile 2009"]
[Site "Estadio Español"]
[Date "2009-02-14"]
[Round "2"]
[White "Rios Escobar, Adan Humberto"]
[Black "Elias Valenzuela, Arturo"]
[Result "0-1"]
[WhiteElo "2280"]
[BlackElo "2112"]

 1.e4 d5 2.exd5 Nf6 3.d4 Nxd5 4.Nf3 g6 5.Be2 Bg7 6.O-O O-O 7.Re1 Bf5 8.a3 c6 9.Nbd2 Nd7 10.Nf1 e5 11.Ng3 Be6 12.c3 Qb6 13.h3 h6 14.Bf1 Rad8 15.dxe5 Ne7 16.Qa4 c5 17.b4 Qc7 18.Ne4 a6 19.Bf4 Nc6 20.Bg3 cxb4 21.cxb4 Ncxe5 22.Nxe5 Nxe5 23.Nc5 Rfe8 24.Rac1 Qb8 25.Re3 Bd5 26.Rce1 f6 27.f4 Nc6 28.f5 Rxe3 29.Bxb8 Rxe1 30.Bg3 Re7 31.b5 axb5 32.Qxb5 Ne5 33.Qb6 Rde8 34.Bb5 Bc6 35.Nxb7 Rxb7 36.Bc4+ Kh7 37.fxg6+ Kxg6 38.Qd4 Rd7 39.Qc3 f5 40.Qc2 Be4 41.Qa4 Red8 42.Be2 Rd2 43.Bf4 R2d5 44.Qa6+ R5d6 45.Qb5 Rd5 46.Qb6+ Bf6 47.a4 R5d6 48.Qb5 Rd5 49.Qb6 R8d6 50.Qb8 Rd8 51.Qb6 Nd3 52.Bc7 R8d6 53.Qb8 Bd4+ 54.Kh1 Rd7 55.Qg8+ Rg7 56.Qe6+ Bf6 57.Bg3 Re7 58.Bh5+ Kg7 59.Qb6 f4 60.Bf2 Nxf2+ 61.Qxf2 Rxh5

[Event "Campeonato de Chile 2009"]
[Site "Estadio Español"]
[Date "2009-02-14"]
[Round "3"]
[White "Cuevas Araya, Walter"]
[Black "Rios Escobar, Adan Humberto"]
[Result "1/2-1/2"]
[WhiteElo "2182"]
[BlackElo "2280"]

 1.d4 Nf6 2.Bg5 d5 3.Bxf6 gxf6 4.Nf3 Bg7 5.e3 O-O 6.Nc3 c6 7.Be2 e5 8.O-O Re8 9.Nh4 f5 10.g3 f4 11.dxe5 Bxe5 12.exf4 Bxf4 13.Bg4 Be5 14.Re1 Nd7 15.Bf5 Nf8 16.Qh5 Qf6 17.Re3 Bxf5 18.Nxf5 Bxc3 19.bxc3 Qg6 20.Qf3 Kh8 21.Rae1 Rxe3 22.Rxe3 Ne6 23.h4 Rd8 24.Kh2 Qf6 25.Qh5 Ng7 26.Nxg7 Qxf2+ 27.Kh3 Qxe3 28.Qxf7 Qe4 29.Ne6 Qh1+ 30.Kg4 Rg8+ 31.Ng5 Qe4+ 32.Kh3 Qg6 33.Qe7 Qf5+ 34.Kg2 Qxc2+ 35.Kh1 Qb1+ 36.Kh2 Qc2+ 37.Kg1 Qb1+ 38.Kh2 Qc2+ 39.Kg1 Qb1+

[Event "Campeonato de Chile 2009"]
[Site "Estadio Español"]
[Date "2009-02-14"]
[Round "3"]
[White "Alarcon Bahamondes, Roberto"]
[Black "Farfán Ortiz, Enrique Alfredo"]
[Result "1-0"]
[WhiteElo "2116"]
[BlackElo "2242"]

 1.e4 c5 2.c4 Nc6 3.Nc3 g6 4.g3 Bg7 5.Bg2 e6 6.Nge2 Nge7 7.O-O O-O 8.Rb1 d6 9.a3 a5 10.d3 Nd4 11.Be3 Nec6 12.b3 Qb6 13.f4 Bd7 14.h3 Kh8 15.Kh2 f5 16.g4 Rae8 17.Kh1 fxg4 18.hxg4 Qd8 19.Bf2 Rf7 20.Bg3 Ref8 21.Nxd4 Nxd4 22.Ne2 Nc6 23.Qd2 Bh6 24.d4 cxd4 25.Nxd4 e5 26.Nxc6 Bxc6 27.g5 exf4 28.Bxf4 Bg7 29.Bxd6 Rxf1+ 30.Rxf1 Rxf1+ 31.Bxf1 Bxe4+ 32.Bg2 Bxg2+ 33.Kxg2 Qd7 34.Bf4 Qg4+ 35.Kf2 Qh4+ 36.Kf1 Qh1+ 37.Ke2 Qg2+ 38.Kd3 Qf3+ 39.Qe3 Qd1+ 40.Ke4 Qh1+ 41.Qf3 Qe1+ 42.Kd5 Qe8 43.Kc5 Qc8+ 44.Kb5 Bd4 45.Qd5 Qe8+ 46.Kxa5 Qa8+ 47.Kb4 Bg7 48.Be5 Qf8+ 49.c5 Qc8 50.Bxg7+ Kxg7 51.Qe5+ Kg8 52.a4 h5 53.Qd4 Kh7 54.Qf6 Qd7 55.Qd6 Qg4+ 56.Kb5 Qe2+ 57.Kb6 Qa6+ 58.Kc7 Qc6+ 59.Qxc6 bxc6 60.a5 h4 61.a6 h3 62.a7 h2 63.a8=Q h1=Q 64.Qxc6 Qb1 65.Qd5 Qf1 66.c6 Qf4+ 67.Kb7 Qb4+ 68.Kc8 Qf8+ 69.Qd8 Qa3 70.Qd7+ Kg8 71.Qe8+ Kg7 72.Kd7 Qa7+ 73.c7 Qd4+ 74.Kc8 Qb4 75.Kd8 Qb6 76.Qe7+ Kg8 77.Qf6

[Event "Campeonato de Chile 2009"]
[Site "Estadio Español"]
[Date "2009-02-14"]
[Round "3"]
[White "Silva Sanchez, Carlos"]
[Black "Zapata Ferrada, Marco Eduardo"]
[Result "1/2-1/2"]
[WhiteElo "2388"]
[BlackElo "2375"]

 1.e4 d5 2.exd5 Qxd5 3.Nc3 Qd6 4.d4 Nf6 5.Nge2 e5 6.dxe5 Qxe5 7.Bf4 Qa5 8.Nd4 Be7 9.Nb3 Qb6 10.Be3 c5 11.Bb5+ Nc6 12.Qe2 O-O 13.O-O-O a6 14.Bc4 Qc7 15.a4 Bf5 16.f3 Nb4 17.Rd2 Rad8 18.Rhd1 Rxd2 19.Rxd2 Qxh2 20.g4 Qxe2 21.Rxe2 Bd7 22.g5 Nh5 23.Nxc5 Bc6 24.N5e4 Rc8 25.Bb3 Kf8 26.Rh2 g6 27.Kb1 Rd8 28.Bc4 Nd5 29.Nxd5 Bxd5 30.Bxd5 Rxd5 31.c4 Rf5 32.Rh3 Kg8 33.Kc2 f6 34.gxf6 Nxf6 35.Nxf6+ Bxf6 36.b4 h5 37.f4 Be7 38.b5 axb5 39.axb5 Bd6 40.Rh4 Be7 41.Rh2 Bd6 42.Rh4 Be7

[Event "Campeonato de Chile 2009"]
[Site "Estadio Español"]
[Date "2009-02-14"]
[Round "3"]
[White "Llorens Sepulveda, Marcelo"]
[Black "López Silva, Hugo Andres"]
[Result "1/2-1/2"]
[WhiteElo "2353"]
[BlackElo "2376"]

 1.e4 e5 2.Nf3 Nc6 3.Bb5 a6 4.Ba4 Nf6 5.Qe2 Bd6 6.c3 O-O 7.d3 Re8 8.Nbd2 Bf8 9.Nf1 b5 10.Bc2 d5 11.Ng3 d4 12.O-O dxc3 13.bxc3 b4 14.Bb2 bxc3 15.Bxc3 Bd6 16.Ba4 Bd7 17.Qc2 Nb4 18.Bxb4 Bxb4 19.Bxd7 Qxd7 20.Rfd1 Bd6 21.Rab1 Qe6 22.a4 Nd7 23.d4 exd4 24.Nxd4 Qe5 25.Ndf5 Nf6 26.Nxd6 cxd6 27.f3 d5 28.Re1 dxe4

[Event "Campeonato de Chile 2009"]
[Site "Estadio Español"]
[Date "2009-02-14"]
[Round "3"]
[White "Mesias Rojas, Rabindranath"]
[Black "García Cardenas, Pablo"]
[Result "1-0"]
[WhiteElo "2269"]
[BlackElo "2194"]

 1.e4 d5 2.exd5 Qxd5 3.Nc3 Qa5 4.Bc4 Nf6 5.d3 Bg4 6.f3 Bh5 7.Bd2 c6 8.Qe2 Qc7 9.Nh3 Nbd7 10.O-O-O e6 11.Nf4 Bd6 12.g3 O-O-O 13.Nxh5 Nxh5 14.Ne4 Nhf6 15.Nxd6+ Qxd6 16.Qe3 Kb8 17.Qg5 h6 18.Qa5 Nd5 19.Bxd5 cxd5 20.Qb4 Qxb4 21.Bxb4 Ne5 22.Rhf1 d4 23.Rde1 Nc6 24.Bd2 Kc7 25.Re4 Kd6 26.Rfe1 Kc5 27.a3 Rd5 28.f4 a5 29.Rf1 h5 30.h3 b5 31.b3 b4 32.axb4+ axb4 33.Kb2 Ra8 34.Ra1 Rxa1 35.Kxa1 Ne7 36.Kb2 Nf5 37.g4 hxg4 38.hxg4 Nh6 39.g5 Nf5 40.g6 f6 41.Rxe6 Rd8 42.Ra6 Rb8 43.Ra5+ Rb5 44.Ra7 Kc6 45.Ra4 Kc5 46.Ra8 Ne7 47.Ra7 Kd6 48.Kc1 Ke6 49.Kd1 Nxg6 50.Rxg7 Kf5 51.Rf7 Nxf4 52.Bxf4 Kxf4 53.Rxf6+ Ke5 54.Rh6 Rb8 55.Rc6 Kd5 56.Rc4 Rb7 57.Ke2 Rb8 58.Kf3 Rb7 59.Kf4 Rb8 60.Kf5 Rf8+ 61.Kg6 Rf2 62.Kg7 Ke5 63.Kg6 Kd5 64.Kg5 Rd2 65.Kf6 Re2 66.Kf7 Re5 67.Rxb4 Re2 68.Rc4 Re1 69.Rc8 Re2 70.b4 Re1 71.Rd8+

[Event "Campeonato de Chile 2009"]
[Site "Estadio Español"]
[Date "2009-02-15"]
[Round "4"]
[White "Arancibia Guzman, Eduardo"]
[Black "García Cardenas, Pablo"]
[Result "0-1"]
[WhiteElo "2389"]
[BlackElo "2194"]

 1.d4 Nf6 2.c4 e6 3.Nc3 d5 4.Bg5 Be7 5.cxd5 Nxd5 6.Nxd5 exd5 7.Bxe7 Qxe7 8.Qb3 Nc6 9.Nf3 O-O 10.e3 Bg4 11.Be2 Bxf3 12.gxf3 Rfe8 13.O-O-O Qd6 14.Kb1 Rab8 15.h4 Nd8 16.Bd3 Re6 17.f4 Rh6 18.f5 Nc6 19.Rdf1 Nb4 20.Be2 Rf6 21.Bg4 Qe7 22.f3 Rb6 23.h5 Re8 24.Re1 c5 25.dxc5 Qxc5 26.h6 Nc6 27.Qd1 Qb4 28.Rh2 Ne5 29.hxg7 Rc8 30.f6 Nxg4 31.fxg4 Rxf6 32.a3 Qe4+ 33.Ka2 Kxg7 34.Reh1 h6 35.g5 hxg5 36.Rh7+ Qxh7 37.Rxh7+ Kxh7 38.Qh5+ Kg7 39.Qxg5+ Rg6 40.Qxd5 b6 41.Qd7 Rcc6 42.Qxa7 Rce6 43.Qa4 Rg3 44.Qd4+ Kg6 45.Qd3+ f5 46.Qd8 Rgxe3 47.Qg8+ Kf6 48.Qd8+ Ke5 49.Qg5 Ke4 50.Qg2+ Kf4 51.Qf2+ Kg4 52.Qg2+ Rg3 53.Qd5 Ree3 54.Qd1+ Rgf3 55.Qg1+ Rg3 56.Qd1+ Kh4 57.Qd8+ Kh3 58.Qxb6 Kh2 59.Qh6+ Kg1 60.Qf4 Ref3 61.Qc4 f4 62.a4 Rf2 63.Qc1+ Kh2 64.a5 Rg5 65.Qc3 Rb5 66.a6 Rb6 67.Qh8+ Kg1 68.Qg7+ Kf1 69.a7 Ra6+ 70.Kb3 f3 71.Kc4 Rc2+ 72.Kb5 Ra2 73.b4 f2 74.Kb6 Ra3 75.Qd4 Ke1 76.Qe4+ Kd2 77.Qf4+ Ke1 78.Qe4+ Kd2 79.Qf5 Ke1 80.Kb7 Rca2

[Event "Campeonato de Chile 2009"]
[Site "Estadio Español"]
[Date "2009-02-15"]
[Round "4"]
[White "López Silva, Hugo Andres"]
[Black "Mesias Rojas, Rabindranath"]
[Result "1-0"]
[WhiteElo "2376"]
[BlackElo "2269"]

 1.e4 c5 2.Nf3 Nf6 3.e5 Nd5 4.Nc3 Nxc3 5.dxc3 Nc6 6.Bf4 Qc7 7.Qd2 e6 8.O-O-O h6 9.h4 b6 10.Bd3 Bb7 11.Be4 O-O-O 12.Bh2 Be7 13.h5 b5 14.Rhe1 Qa5 15.Kb1 Qb6 16.Bg3 c4 17.Re2 Bc5 18.Qf4 Rhf8 19.Red2 Ne7 20.Bh4 f6 21.exf6 gxf6 22.Bxb7+ Qxb7 23.Bxf6 Nd5 24.Qe5 b4 25.cxb4 Bxb4 26.Rxd5 exd5 27.Bxd8 Rxd8 28.Rxd5 d6 29.Qf5+ Qd7 30.Qe4 Qc6 31.Ne5 Re8 32.Qg4+

[Event "Campeonato de Chile 2009"]
[Site "Estadio Español"]
[Date "2009-02-15"]
[Round "4"]
[White "Zapata Ferrada, Marco Eduardo"]
[Black "Llorens Sepulveda, Marcelo"]
[Result "1/2-1/2"]
[WhiteElo "2375"]
[BlackElo "2353"]

 1.e4 c5 2.Nf3 Nc6 3.d4 cxd4 4.Nxd4 Nf6 5.Nc3 d6 6.Bc4 Bd7 7.Bb3 g6 8.f3 Nxd4 9.Qxd4 Bg7 10.Bg5 O-O 11.Qd2 a5 12.a4 Rc8 13.O-O Bc6 14.Kh1 Nd7 15.Rad1 Nc5 16.Bc4 Re8 17.b3 Qb6 18.Rb1

[Event "Campeonato de Chile 2009"]
[Site "Estadio Español"]
[Date "2009-02-15"]
[Round "4"]
[White "Farfán Ortiz, Enrique Alfredo"]
[Black "Silva Sanchez, Carlos"]
[Result "0-1"]
[WhiteElo "2242"]
[BlackElo "2388"]

 1.e4 c6 2.d4 d5 3.e5 Bf5 4.Nc3 e6 5.g4 Bg6 6.Nge2 h6 7.Be3 Nd7 8.Qd2 Bh7 9.Bg2 Ne7 10.f4 Nb6 11.b3 Ng6 12.O-O-O Ba3+ 13.Kb1 Nc4 14.bxc4 Qb6+ 15.Nb5 a6 16.Ka1 axb5 17.cxd5 cxd5 18.Rhf1 Ne7 19.f5 Nc6 20.Rb1 Na5 21.Nc3 Nc4 22.Qf2 Qa5 23.Nxb5 Bb4 24.Nc7+ Qxc7 25.Rxb4 Rxa2+ 26.Kxa2 Qa5+ 27.Kb1 Qxb4+ 28.Kc1 Qa3+

[Event "Campeonato de Chile 2009"]
[Site "Estadio Español"]
[Date "2009-02-15"]
[Round "4"]
[White "Rios Escobar, Adan Humberto"]
[Black "Alarcon Bahamondes, Roberto"]
[Result "1-0"]
[WhiteElo "2280"]
[BlackElo "2116"]

 1.e4 c6 2.d4 d5 3.Nc3 dxe4 4.Nxe4 Nd7 5.Ng5 Ngf6 6.Bd3 e6 7.N1f3 Bd6 8.Qe2 Qe7 9.O-O h6 10.Ne4 Nxe4 11.Qxe4 Nf6 12.Qe2 c5 13.dxc5 Bxc5 14.Bf4 O-O 15.Be5 Bd6 16.Bd4 Bc5 17.Rad1 Bxd4 18.Nxd4 Qc5 19.Qf3 e5 20.Nb3 Qc7 21.Qg3 Nh5 22.Qe3 Nf4 23.Rfe1 f6 24.Qc5 Qxc5 25.Nxc5 Nxd3 26.cxd3 b6 27.Ne4 Rd8 28.f3 Ba6 29.Nf2 Rac8 30.Rd2 Rc5 31.Kf1 Rdc8 32.Ne4 Ra5 33.a3 Rd5 34.Ke2 Rcd8 35.Nf2 f5 36.Ke3 e4 37.fxe4 fxe4 38.d4 Bd3 39.Nxe4 Bxe4 40.Kxe4 Rxd4+ 41.Rxd4 Re8+ 42.Kd5 Rxe1 43.b4 Ra1 44.Rd3 Rc1 45.Rf3 Rc2 46.Rg3 Kf7 47.h3 g5 48.Rf3+ Ke7 49.g4 Rc1 50.Rd3 Kd7 51.Ke5+ Ke7 52.Kf5 Rc6 53.b5 Rf6+ 54.Ke5 Re6+ 55.Kd5 Rd6+ 56.Kc4 Re6 57.Rc3 Kd6 58.Kd4 Kd7 59.Kd5 Rd6+ 60.Ke5 Re6+ 61.Kf5 Rd6 62.a4 Kd8 63.Ke5 Kd7 64.Rc8 Rd3 65.Ra8 Rxh3 66.Rxa7+ Kc8 67.Kd6 Rf3 68.Rc7+ Kb8 69.Rh7 Rf6+ 70.Ke5 Rf4 71.Rxh6 Kb7 72.Rh7+ Kb8 73.Kd6 Rxa4 74.Kc6 Rxg4 75.Kxb6 Rh4 76.Rb7+ Kc8 77.Rg7 Rh8 78.Ka7 Rh4 79.Rg8+ Kd7 80.Rxg5 Rh7 81.Rg1 Kc8+ 82.Ka8 Kc7 83.Rg6 Rh5 84.b6+ Kd7 85.Kb7 Rb5 86.Rg1 Kd6 87.Rd1+ Ke7 88.Kc7 Rc5+ 89.Kb8 Rb5 90.b7 Ra5 91.Kc7

[Event "Campeonato de Chile 2009"]
[Site "Estadio Español"]
[Date "2009-02-15"]
[Round "4"]
[White "Elias Valenzuela, Arturo"]
[Black "Cuevas Araya, Walter"]
[Result "1-0"]
[WhiteElo "2112"]
[BlackElo "2182"]

 1.d4 Nf6 2.c4 g6 3.Nc3 Bg7 4.e4 d6 5.Nf3 O-O 6.Be2 e5 7.O-O Nc6 8.d5 Ne7 9.Ne1 Ne8 10.f3 f5 11.g4 f4 12.h4 h5 13.g5 Rf7 14.Nd3 Bf8 15.Bd2 Kh7 16.Rf2 Bd7 17.Bf1 Ng8 18.Be1 Be7 19.Rc1 Ng7 20.c5 Qe8 21.Qb3 Rb8 22.Rfc2 Bf8 23.Bf2 b6 24.cxb6 cxb6 25.Nb4 Rc8 26.a4 Qe7 27.Nc6 Bxc6 28.dxc6 Rxc6 29.Bc4 Rxc4 30.Qxc4 Qe6 31.Qxe6 Nxe6 32.Nd5 Rd7 33.Rc8 Kg7 34.b4 Kf7 35.Nc7 Nd8 36.Ra8 Ne7 37.b5 Nb7 38.Ne8 Nc5 39.Nf6 Rb7 40.Rd1 Nxa4 41.Rxd6 Nc3 42.Rd7 Rxd7 43.Nxd7 Bg7 44.Rxa7 Nxb5 45.Rb7 Nd4 46.Nxb6 Nxf3+ 47.Kg2 Nd4 48.Bxd4 exd4 49.Nd5 Bf8 50.Nxf4 Ke8 51.Rb6 Kf7 52.Rf6+ Kg7 53.Ne6+

[Event "Campeonato de Chile 2009"]
[Site "Estadio Español"]
[Date "2009-02-16"]
[Round "5"]
[White "Cuevas Araya, Walter"]
[Black "Arancibia Guzman, Eduardo"]
[Result "0-1"]
[WhiteElo "2182"]
[BlackElo "2389"]

 1.d4 c5 2.Nf3 e6 3.e4 cxd4 4.Nxd4 a6 5.Nc3 Qc7 6.Bd3 Nf6 7.O-O Be7 8.Qf3 O-O 9.Be3 Nc6 10.Nxc6 bxc6 11.Rae1 d5 12.Bg5 Ra7 13.Bxf6 Bxf6 14.e5 Bd8 15.Qh5 g6 16.Qd1 f6 17.exf6 Bxf6 18.Kh1 Qa5 19.f4 c5 20.f5 Bxc3 21.fxg6 Bf6 22.gxh7+ Kh8 23.c3 Qd8 24.Qh5 Rg7 25.Bg6 e5 26.Re3 Be6 27.Ref3 e4 28.Rf4 Be7 29.Qe5 Rxf4 30.Rxf4 Bd6 31.Qf6 Qe7 32.Rf1 e3 33.Bd3 c4 34.Be2 Qxf6 35.Rxf6 Re7 36.Rh6 Bf4

[Event "Campeonato de Chile 2009"]
[Site "Estadio Español"]
[Date "2009-02-16"]
[Round "5"]
[White "Silva Sanchez, Carlos"]
[Black "Rios Escobar, Adan Humberto"]
[Result "1/2-1/2"]
[WhiteElo "2388"]
[BlackElo "2280"]

 1.e4 c5 2.Nf3 d6 3.d4 cxd4 4.Nxd4 Nf6 5.Nc3 Nc6 6.Bc4 Qb6 7.Nb3 e6 8.O-O Be7 9.Be2 O-O 10.Be3 Qc7 11.f4 a6 12.a4 b6 13.Bf3 Bb7 14.g4 Nd7 15.g5 Na5 16.Nd2 Rfe8 17.Qe2 Rac8 18.Rad1 d5 19.exd5 exd5 20.Bxd5 Bc5 21.Nde4 Bxd5 22.Rxd5 Bxe3+ 23.Qxe3 Nc5 24.Qf3 Nab7 25.Qg2 Nxe4 26.Nxe4 Qxc2 27.Nc3 Qxg2+ 28.Kxg2 Rc4 29.Kf3 Nc5 30.Re1 Kf8 31.Rxe8+ Kxe8 32.Re5+ Kd8 33.Rf5 Ke8 34.Re5+ Kf8 35.Ne4 Nxe4 36.Rxe4 Rc6 37.h4 a5 38.b4 Rc3+ 39.Kg4 axb4

[Event "Campeonato de Chile 2009"]
[Site "Estadio Español"]
[Date "2009-02-16"]
[Round "5"]
[White "Alarcon Bahamondes, Roberto"]
[Black "Elias Valenzuela, Arturo"]
[Result "1-0"]
[WhiteElo "2116"]
[BlackElo "2112"]

 1.c4 e6 2.Nc3 d5 3.d4 Nf6 4.Nf3 Be7 5.Qc2 O-O 6.Bf4 c5 7.e3 cxd4 8.Nxd4 Nbd7 9.Bg3 e5 10.Nf3 Qa5 11.O-O-O dxc4 12.Bxc4 Nb6 13.Nxe5 Nxc4 14.Nxc4 Qc5 15.Bd6 Bxd6 16.Nxd6 Be6 17.Rd4 Rab8 18.b3 b5 19.Kb2 a5 20.Nce4 Nxe4 21.Nxe4 Qxc2+ 22.Kxc2 Bf5 23.Kb2 Bxe4 24.Rxe4 Rfd8 25.Rd4 Rxd4 26.exd4 Kf8 27.Re1 f6 28.Re6 b4 29.Kc2 Kf7 30.Ra6 Re8 31.Kd2 Re4 32.Kd3 Re1 33.Rxa5 Rg1 34.Ra7+ Kg6 35.g3 Rg2 36.Ke2 Rxh2 37.Rb7 h5 38.Rxb4 Kf5 39.a4 g5 40.a5 h4 41.gxh4 Rxh4 42.a6 Re4+ 43.Kd3 Re8 44.a7 Ra8 45.Rb7

[Event "Campeonato de Chile 2009"]
[Site "Estadio Español"]
[Date "2009-02-16"]
[Round "5"]
[White "Llorens Sepulveda, Marcelo"]
[Black "Farfán Ortiz, Enrique Alfredo"]
[Result "1-0"]
[WhiteElo "2353"]
[BlackElo "2242"]

 1.e4 e6 2.d4 d5 3.Nc3 dxe4 4.Nxe4 Bd7 5.Nf3 Bc6 6.Bd3 Nd7 7.Qe2 Ngf6 8.Ned2 Be7 9.O-O O-O 10.c3 b6 11.Ng5 Bb7 12.Re1 c5 13.Ndf3 cxd4 14.cxd4 Bb4 15.Rd1 h6 16.Nh3 Nd5 17.a3 Bd6 18.Ne5 Bxe5 19.dxe5 Qh4 20.f4 Nc5 21.Bc2 Rfd8 22.Qf2 Qg4 23.Bd2 a5 24.Qg3 Qxg3 25.hxg3 a4 26.Nf2 b5 27.Ne4 Nxe4 28.Bxe4 Rac8 29.Bd3 Rc5 30.Rac1 Rdc8 31.Rxc5 Rxc5 32.Kf2 Nc7 33.Rc1 Rxc1 34.Bxc1 Bc6 35.g4 g6 36.g3 Nd5 37.Bd2 Kg7 38.f5 g5 39.Bf1 Kf8 40.Ke2 Nb6 41.Kd3 Bf3 42.Kd4 Bxg4 43.f6 Nc4 44.Bc3 h5 45.Kc5 Ne3 46.Bxb5 h4 47.gxh4 gxh4 48.Be1 h3 49.Bg3 Nf5 50.Bf4